000 01101nam a2200205Ia 4500
999 _c37432
_d37432
001 3391
003 GE_BSU
005 20190606153459.0
008 181216s1960||||ge |||||||||||||| ||geo||
040 _cGE_BSU
041 _ageo
080 _a681.2(075.8) ხ–48
100 _aხვინგია,მ.
_92225
245 _aზუსტი მექანიზმებისა და ხელსაწყოების ნაწილები : ნაწილი I. (დრეკადი ელემენტები, დამხმარე ნაწილები, გადაცემები) /
_cმ. ხვინგია ; რედ : ო. ეზიკაშვილი.
264 _aთბილისი :
_bსაქ. პოლიტექნ. ინ–ტი,
_c1960.
300 _a409 გვ .:
_bილ ;
_c22 სმ.
653 _aზუსტი მექანიზმებისა და ხელსაწყოების ნაწილები
700 _aეზიკაშვილი, ე
_eრედაქტორი
_92226
942 _cBK
_2udc